Song Lyrics Rammstein - Zwitter - Statistics

General Stats
  • This quiz has been taken 23 times
  • The average score is 154 of 234
Answer Stats
Answer % Correct
bin
88%
ein
88%
Ich
88%
ich
88%
Zwitter,
88%
Zwitter
88%
(Zwitter,
88%
Zwitter)
88%
Da
81%
so
81%
So
81%
das
75%
Eins
75%
eins
75%
eins,
75%
hab
75%
Sie
75%
sie
75%
und
75%
Und
75%
dich
69%
dich"
69%
eine
69%
ist
69%
mich
69%
mich,
69%
zu
69%
den
63%
Die
63%
die
63%
einer
63%
es
63%
"Fick
63%
für
63%
Gibt
63%
in
63%
kein
63%
mir
63%
nicht
63%
sehe
63%
sich
63%
verliebt
63%
Zwei
63%
allein
56%
der
56%
Dritter
56%
ihr
56%
kann
56%
Kuss
56%
mein
56%
Rosen
56%
schicken
56%
Zweiter
56%
auch
50%
beglücken
50%
doch
50%
einen
50%
gestohlen
50%
gleich
50%
losgelassen
50%
Mädchen
50%
Masse
50%
mit
50%
sagt
50%
schon
50%
sein
50%
selber
50%
selbst
50%
Tag
50%
wiederholen
50%
wollte
50%
zusammen
50%
Zweigeschlecht
50%
abends
44%
alleine,
44%
allen
44%
aufgefallen
44%
befruchten
44%
dann
44%
Dinge
44%
gar
44%
Geschlechter,
44%
ihn
44%
jeden
44%
Lust
44%
mehr
44%
meiner
44%
Mensch
44%
schlafe
44%
schönste
44%
Seelen
44%
sind
44%
Verschmolzen
44%
verzagt
44%
von
44%
vorher
44%
Wenn
44%
Brust
38%
Konnt
38%
recht
38%
schönes
38%
Spiegelbild
38%
suchten
38%
unter
38%
wunderbare
38%
allzu
31%
durch
31%
früh
31%
gehe
31%
küsse
31%
nur
31%
andern
19%
anders
19%
No matching quizzes found
Score Distribution
Percent of People with Each Score
Percentile by Number Answered
Your Score History
You have not taken this quiz